Pays les plus visités par les Papes - Statistiques

Statistiques générales
  • Ce quiz a été pris 28 278 fois
    19 040 depuis la dernière actualisation
  • Le résultat moyen est 13 sur 23
Statistiques - réponses
Nombre de Visites Pays % Correct
10 France
100%
7 Espagne
96%
11 États-Unis
93%
6 Allemagne
89%
8 Portugal
88%
6 Brésil
86%
4 Canada
79%
7 Mexique
77%
11 Pologne
75%
6 Suisse
73%
4 Autriche
63%
4 Australie
58%
4 Hongrie
50%
4 Croatie
48%
4 République Tchèque
45%
4 Slovaquie
44%
4 Israël
42%
4 Turquie
39%
5 Malte
26%
4 Cuba
20%
4 Philippines
20%
4 Jordanie
11%
4 Kenya
8%
Aucun quiz correspondant
Distribution des résultats
% des personnes avec chaque résultat
Percentile par nombre de réponses
Votre historique - résultats
Vous n’avez pas pris ce quiz depuis la dernière actualisation